Parlante : (Record no. 22084)

000 -CABECERA
fixed length control field 01470nam a22003017a 4500
003 - IDENTIFICADOR DEL NÚMERO DE CONTROL
control field AR-CdUCM
008 - DATOS DE LONGITUD FIJA--INFORMACIÓN GENERAL
fixed length control field 190425b ||||| |||| 00| 0 spa d
040 ## - FUENTE DE LA CATALOGACIÓN
Agencia/entidad que catalogó originalmente la obra MUNICIPALIDAD PROVINCIAL DEL CUSCO
Entidad que transcribió la catalogación BIBLIOTECA MUNICIPAL DEL CUSCO
082 ## - NÚMERO DE LA CLASIFICACIÓN DECIMAL DEWEY
No. de Clasificación Parlante/N°73/2001
110 ## - ENTRADA PRINCIPAL--NOMBRE DE ENTIDAD CORPORATIVA
Nombre de la institución, jurisdicción como entrada principal Centro Guamán Poma de Ayala
9 (RLIN) 20511
245 ## - MENCIÓN DE TÍTULO
Título Parlante :
Resto del título Revista del Cusco /
260 ## - PUBLICACIÓN, DISTRIBUCIÓN, ETC.
Lugar de publicación, distribución, etc. Cusco :
Nombre de la editorial, distribuidor, etc. Centro de Educación y Comunicación Guamán Poma de Ayala,
Fecha de publicación, distribución, etc. 2001.
300 ## - DESCRIPCIÓN FÍSICA
Nº de Páginas Extensión 31 páginas. :
Otros detalles físicos ilustraciones ;
Dimensiones 30 cm.
440 ## - MENCIÓN DE SERIE/PUNTO DE ACCESO ADICIONAL--TÍTULO
Título Parlante revista del Cusco.
Número de la parte/sección de una obra Año 17, N°73, julio-agosto 2001.
9 (RLIN) 47391
505 ## - NOTA DE CONTENIDO CON FORMATO
Nota de contenido formateada Contenido: Salvemos nuestro patrimonio. -- ¿Por qué es necesaria una Comisión de la verdad? Inés Fernández Baca -- Temas económicos a resolver. Lizardo Porcel. -- Evaluación de la gestión del Alcalde Carlos Valencia. -- Nuevos mercados viejos problemas en la ciudad de Cusco. -- Machupicchu un gigante en peligro. Víctor Carlotto. -- Contaminación sonora la bulla continúa. -- Baratillo cusqueño ...
650 ## - PUNTO DE ACCESO ADICIONAL DE MATERIA--TÉRMINO DE MATERIA
Descriptor Urbanismo
9 (RLIN) 4748
650 ## - PUNTO DE ACCESO ADICIONAL DE MATERIA--TÉRMINO DE MATERIA
Descriptor Historia urbana
9 (RLIN) 13611
650 ## - PUNTO DE ACCESO ADICIONAL DE MATERIA--TÉRMINO DE MATERIA
Descriptor Planificación urbana
9 (RLIN) 45230
650 ## - PUNTO DE ACCESO ADICIONAL DE MATERIA--TÉRMINO DE MATERIA
Descriptor Política cusqueña
9 (RLIN) 47381
650 ## - PUNTO DE ACCESO ADICIONAL DE MATERIA--TÉRMINO DE MATERIA
Descriptor Gobiernos locales
9 (RLIN) 8462
650 ## - PUNTO DE ACCESO ADICIONAL DE MATERIA--TÉRMINO DE MATERIA
Descriptor Medio ambiente
9 (RLIN) 47392
650 ## - PUNTO DE ACCESO ADICIONAL DE MATERIA--TÉRMINO DE MATERIA
Descriptor Salud pública
9 (RLIN) 6404
700 ## - PUNTO DE ACCESO ADICIONAL--NOMBRE DE PERSONA
Nombre Personal Flores Nájar, Eldi
9 (RLIN) 32094
700 ## - PUNTO DE ACCESO ADICIONAL--NOMBRE DE PERSONA
Nombre Personal Fernández Baca, Inés
9 (RLIN) 6532
710 ## - PUNTO DE ACCESO ADICIONAL--NOMBRE DE ENTIDAD CORPORATIVA
Nombre corporativo (En letras Mayúsculas) Centro Guamán Poma de Ayala
9 (RLIN) 20511
942 ## - ELEMENTOS DE PUNTO DE ACCESO ADICIONAL (KOHA)
Fuente de clasificación
Tipo de item Revistas cusqueñas
945 ## - PROCESAMIENTO DE INFORMACIÓN LOCAL (OCLC)
Catalogador rac
Holdings
Estado de retiro (separado) Fuente de clasificación o esquema de estanterías Estado dañado Ubicación Sala donde se ubica Nombre de la colección Fecha de adquisición o compra Costo, precio normal en soles Signatura topográfica Código de Barras Última vez visto (Koha) Tipo de ítem (Koha)
No     Sala Hemeroteca Sala Hemeroteca Book Cart 2022-03-02 5.00 Parlante/N°73/2001 REVC000745 2022-03-02 Revistas cusqueñas

Powered by Koha